[Event "CZE-ch U16 Girls"]
[Site "Teplice"]
[Date "2023.03.13"]
[Round "4"]
[White "Foldynova, Julie"]
[Black "Mullerova, Karina Nela"]
[Result "1/2-1/2"]
[WhiteElo "1100"]
[BlackElo "1283"]
[PlyCount "74"]
[EventDate "2023.03.11"]
[EventType "swiss"]
[EventRounds "9"]
[EventCountry "CZE"]
[SourceTitle "CBM 213 Extra"]
[Source "ChessBase"]
[SourceDate "2023.05.31"]
[SourceVersion "1"]
[SourceVersionDate "2023.05.31"]
[SourceQuality "1"]

1. e4 e6 2. d4 b6 3. Nc3 Bb4 4. Bd2 Bb7 5. Bd3 f5 6. f3 Qh4+ 7. g3 Qh5 8. Qe2 Ne7 9. 0-0-0 fxe4 10. fxe4 Qxe2 11. Ngxe2 Ng6 12. Rhf1 e5 13. d5 Na6 14. a3 Bxc3 15. Nxc3 0-0-0 16. Rf7 Rhg8 17. Rdf1 Rdf8 18. Rxf8+ Rxf8 19. Rxf8+ Nxf8 20. b4 c6 21. b5 Nc5 22. Bc4 cxd5 23. Bxd5 Bxd5 24. exd5 d6 25. Be3 h6 26. Bxc5 bxc5 27. Ne4 Kc7 28. Kb2 Nd7 29. Kb3 Nb6 30. c4 Nd7 31. a4 Nf6 32. Nxf6 gxf6 33. a5 a6 34. b6+ Kd7 35. Kc3 h5 36. Kd3 f5 37. Ke3 Kc8 1/2-1/2